| 000 | 004410000a22001690004500 | ||
|---|---|---|---|
| 003 | MACL | ||
| 005 | 20160803132349.0 | ||
| 008 | 160803b xxu||||| |||| 00| 0 eng d | ||
| 040 |
_aMACL _cMACL |
||
| 041 | _aEnglish | ||
| 082 | _a954 GOD | ||
| 100 |
_aGode, P K _966027 |
||
| 245 |
_aNew Indian Antiquary _b13766.67.68 _cS. M. Katre |
||
| 260 |
_bKarnatak Publishing House _aBombay |
||
| 650 |
_aHistory _966028 |
||
| 942 |
_cBK _k954/God _2ddc |
||
| 999 |
_c36368 _d36368 |
||